00841 2200301 4500001002100000005001500021035002000036007000300056040001700059245007600076250001300152300002800165020001800193041000800211082001100219084001700230090001800247264003200265336002100297337003000318338002300348650002800371850001000399008004100409700004300450500002400493990002200517INLIS00000000000501620260515075003 a0010-0222000106ta aSPPUPADbind aWajah Dewan Perwakilan Rakyat Republik Indonesia :bPemilihan Umum 1999 a.-cet. 1 axxxv, 526 hal. ;c23 cm a979-9251-43-50 aind a328.33 a328.33 HAR w a413 KOM k 2 6 a.--Jakarta :bKompas,c2000 2rdacontentaTeks 2rdamediaaTanpa Perantara 2rdacarrieraVolume 4aDewan Perwakilan Rakyat aPUPAD260515 0  aeditor, F. Harianto SantosoePengarang aindeks, hlm 521-526 a21060/S/KAPD/2015